Loading...
| Current Events | 1 | 20.00 | 100% | 100% | 0% |
| Fine Arts - Auditory Fine Arts | 2 | 5.00 | 50% | 0% | 0% |
| Fine Arts - Visual Fine Arts | 6 | 6.67 | 67% | 0% | 0% |
| Geography | 6 | 10.00 | 83% | 0% | 17% |
| History - Ancient History | 1 | 10.00 | 100% | 0% | 0% |
| History - European History | 2 | 15.00 | 100% | 50% | 0% |
| History - World History | 3 | 10.00 | 100% | 0% | 0% |
| Literature - American Literature | 2 | 10.00 | 100% | 0% | 0% |
| Literature - British Literature | 4 | 10.00 | 100% | 0% | 0% |
| Literature - European Literature | 1 | 10.00 | 100% | 0% | 0% |
| Literature - World Literature | 2 | 15.00 | 100% | 50% | 0% |
| Mythology | 1 | 20.00 | 100% | 100% | 0% |
| Other Academic | 1 | 10.00 | 100% | 0% | 0% |
| Philosophy | 3 | 10.00 | 67% | 33% | 0% |
| Religion | 2 | 5.00 | 50% | 0% | 0% |
| Science - Biology | 1 | 10.00 | 100% | 0% | 0% |
| Science - Chemistry | 3 | 10.00 | 67% | 33% | 0% |
| Science - Other Science | 5 | 10.00 | 80% | 20% | 0% |
| Science - Physics | 1 | 20.00 | 100% | 100% | 0% |
| Social Science | 2 | 5.00 | 50% | 0% | 0% |